| 000 | 00825nam a2200241Ia 4500 | ||
|---|---|---|---|
| 003 | GCL | ||
| 008 | 140319s9999 xx 000 0 ara d | ||
| 040 |
_aGCL / _cGCL |
||
| 082 | 0 | 4 |
_a910.4 _bل ن |
| 100 | 1 | _aلورنس، هنرى | |
| 245 | 1 | 0 |
_aالمغامر والمستشرق / _cلورنس، هنرى |
| 700 | 1 | _aبشير السباعى | |
| 250 | _aالاولى | ||
| 260 |
_aالقاهرة : _bالمجلس الاعلى للثقافة ، _c2003 |
||
| 300 |
_a204 ص ؛ _c20 سم |
||
| 490 |
_aالمشروع القومى للترجمة _v0 |
||
| 650 | 0 | 4 | _aالاستشراق والمستشرقون |
| 650 | 0 | 4 | _aالعالم الاسلامى |
| 650 | 0 | 4 | _aمصر - وصف ورحلات |
| 650 | 0 | 4 | _aالعالم العربى - وصف ورحلات |
| 650 | 0 | 4 | _aلورانس العرب |
| 942 |
_2ddc _cBK |
||
| 999 |
_c36567 _d36567 |
||